[Event "ch-NED w 2018"]
[Site "Amsterdam NED"]
[Date "2018.07.04"]
[Round "3.1"]
[White "Peng, Zhaoqin"]
[Black "Ratsma, Rosa"]
[Result "1/2-1/2"]
[WhiteTitle "GM"]
[BlackTitle "WIM"]
[WhiteElo "2352"]
[BlackElo "2265"]
[WhiteFideId "1004786"]
[BlackFideId "1033662"]
[EventDate "2018.07.02"]

1. d4 Nf6 2. c4 e6 3. Nc3 Bb4 4. Qc2 O-O 5. a3 Bxc3+ 6. Qxc3 d5 7. Nf3 dxc4 8.
Qxc4 b6 9. g3 Ba6 10. Qa4 Qd7 11. Qxd7 Nbxd7 12. Bg5 c5 13. Bg2 Rac8 14. Rd1 h6
15. Bxf6 Nxf6 16. dxc5 Rxc5 17. Nd4 e5 18. b4 Rc3 19. Nc6 Rxa3 20. Nxe5 Re8 21.
f4 Re3 22. Bf3 Ne4 23. Ra1 Bb5 24. O-O Nd2 25. Rfd1 Nxf3+ 26. exf3 f6 27. Ng6 a6
28. f5 h5 29. Rac1 Rxf3 30. Re1 Rxe1+ 31. Rxe1 Kh7 32. Nh4 Rb3 33. Re6 Rb1+ 34.
Kf2 Rb2+ 35. Kg1 Rxb4 36. Rxb6 Re4 37. h3 Re8 38. Kf2 Bd3 39. Rd6 Bc4 40. Rd4
Bb5 41. Rb4 Re5 42. g4 a5 43. Rb1 a4 44. Ng6 Rc5 45. Nf8+ Kh6 46. Ne6 Re5 47.
Nd4 Bd7 48. Rb8 hxg4 49. hxg4 Re8 50. Rb7 Rd8 51. Ra7 g6 52. Kg3 Be8 53. Ne6 Rb8
54. fxg6 Bxg6 55. Rxa4 Bf7 56. Nf4 Rb3+ 57. Kh4 Rf3 58. Rb4 Kg7 1/2-1/2

[Event "ch-NED w 2018"]
[Site "Amsterdam NED"]
[Date "2018.07.04"]
[Round "3.2"]
[White "Lanchava, Tea"]
[Black "Haast, Anne"]
[Result "1/2-1/2"]
[WhiteTitle "IM"]
[BlackTitle "WGM"]
[WhiteElo "2310"]
[BlackElo "2343"]
[WhiteFideId "1005308"]
[BlackFideId "1017292"]
[EventDate "2018.07.02"]

1. d4 d5 2. Nf3 c5 3. c3 cxd4 4. cxd4 Nf6 5. Nc3 Nc6 6. Bf4 Ne4 7. Qb3 e6 8. e3
Nxc3 9. bxc3 Bd6 10. Bg3 O-O 11. Bd3 b6 12. e4 dxe4 13. Bxe4 Bb7 14. Qc2 h6 15.
O-O Rc8 16. Qe2 Na5 17. Bxb7 Nxb7 18. c4 Qe7 19. Rac1 Rc7 20. Rfe1 Bxg3 21. hxg3
Qa3 22. Rc2 Rfc8 23. Rec1 Nd6 24. g4 Qa4 25. c5 Nb7 26. g5 hxg5 27. Rc4 Qa6 28.
Qe5 bxc5 29. Qxg5 Qd6 30. Qh5 cxd4 31. Ng5 Qf4 32. g3 Qxc1+ 33. Rxc1 Rxc1+ 34.
Kg2 Nd6 35. Qh7+ Kf8 36. Qh8+ Ke7 37. Qxg7 R8c5 38. Nh7 d3 39. Qf8+ Kd7 40. Nf6+
Kc6 41. Qa8+ Kc7 42. Qxa7+ Nb7 43. Qa4 Rc6 44. Qd4 Rd1 45. Qd7+ Kb6 46. Qd4+ Kc7
47. Qd7+ Kb6 48. Qd4+ Kc7 49. Qf4+ 1/2-1/2

[Event "ch-NED w 2018"]
[Site "Amsterdam NED"]
[Date "2018.07.04"]
[Round "3.3"]
[White "Keetman, Maaike"]
[Black "De Mie, Mariska"]
[Result "1/2-1/2"]
[BlackTitle "WFM"]
[WhiteElo "2151"]
[BlackElo "2193"]
[WhiteFideId "1033697"]
[BlackFideId "1005324"]
[EventDate "2018.07.02"]

1. e4 c5 2. Nf3 e6 3. d4 cxd4 4. Nxd4 a6 5. Bd3 g6 6. Qe2 Bg7 7. c3 d6 8. O-O
Nf6 9. Nf3 O-O 10. c4 Nc6 11. Nc3 Nd7 12. Bd2 Nde5 13. Rac1 Nxd3 14. Qxd3 Nb4
15. Qe2 d5 16. exd5 exd5 17. cxd5 Nxd5 18. Nxd5 Qxd5 19. Bb4 Bf5 20. Bxf8 Rxf8
21. b3 Bh6 22. Rcd1 Qa5 23. Nd4 Bd7 24. Qe7 Bg4 25. f3 Bc8 26. Qe2 Bd7 27. Rfe1
Qc3 28. Qd3 Qc5 29. Kh1 Qh5 30. Ne2 Bc6 31. Ng3 Qa5 32. a4 Bf4 33. Qd4 Bh6 34.
Ne4 Bg7 35. Qc5 Qc7 36. Qd6 Qa5 37. Nf6+ Kh8 38. Qe7 Qc3 39. Nd7 Bxd7 40. Rxd7
Qxb3 41. a5 Qb5 42. Rd8 Kg8 43. Qc7 Bf6 44. Rdd1 Qa4 45. Rd5 Qb3 46. Rd7 Qb4 47.
Rdd1 Bd8 48. Qe5 Qxa5 49. Qxa5 Bxa5 50. Re7 b5 51. Ra7 Re8 52. Rxa6 Re1+ 53.
Rxe1 Bxe1 54. Rb6 b4 55. Kg1 Bc3 56. Kf1 Kf8 57. Ke2 Ke7 58. Kd3 Kd7 59. Rb7+
Ke6 60. Ke4 f5+ 61. Kf4 Bd2+ 62. Kg3 Be1+ 63. Kf4 Bd2+ 64. Kg3 Be1+ 65. Kf4 Bd2+ 1/2-1/2

[Event "ch-NED w 2018"]
[Site "Amsterdam NED"]
[Date "2018.07.04"]
[Round "3.4"]
[White "Hortensius, Lisa"]
[Black "Paulet, Iozefina"]
[Result "0-1"]
[BlackTitle "WGM"]
[WhiteElo "2169"]
[BlackElo "2286"]
[WhiteFideId "1012339"]
[BlackFideId "1213261"]
[EventDate "2018.07.02"]

1. e4 e6 2. d4 d5 3. Nc3 Nf6 4. Bg5 dxe4 5. Nxe4 Nbd7 6. Nf3 h6 7. Nxf6+ Nxf6 8.
Be3 Bd6 9. Bd3 Nd5 10. Qd2 a6 11. O-O b5 12. a4 Bd7 13. Ne5 bxa4 14. Qe2 Bxe5
15. dxe5 Nxe3 16. Qxe3 Qe7 17. Qe4 Rb8 18. b3 axb3 19. cxb3 Bb5 20. Bxb5+ axb5
21. Rfc1 O-O 22. Ra7 Rfd8 23. h3 Rbc8 24. Rc6 Rd5 25. Kh2 Rc5 26. Rca6 Rd5 27.
Rc6 Qd7 28. Qc2 Rd2 29. Qc5 Qd4 30. Qxd4 Rxd4 31. Raxc7 Rxc7 32. Rxc7 Rd3 33. h4
h5 34. Rb7 Rxb3 35. g3 Rb1 36. Kg2 b4 37. Kf3 b3 38. Rb8+ Kh7 39. Rb5 b2 40. Rb7
Kg6 41. Kg2 Kh6 42. Kf3 g5 43. hxg5+ Kxg5 44. Rb4 Kf5 45. Rb5 Kg5 46. Rb4 Re1
47. Rxb2 Rxe5 48. Rb7 Rf5+ 49. Kg2 h4 50. gxh4+ Kxh4 51. Rb4+ Kg5 52. Kg3 Ra5
53. Rg4+ Kf5 54. Rf4+ Kg6 55. Rb4 f6 56. Rb3 Rd5 57. Ra3 Rd4 58. Re3 e5 59. Ra3
Kg5 60. Ra8 Rd3+ 61. Kg2 Kf4 62. Re8 e4 63. Ra8 Rd2 64. Re8 f5 65. Re7 Re2 66.
Ra7 Rb2 67. Re7 Rb6 68. Ra7 Rg6+ 69. Kf1 Rd6 70. Kg2 Kg5 71. Re7 Kf6 72. Re8 Re6
73. Rf8+ Ke5 74. Ra8 Rg6+ 75. Kf1 Rd6 76. Kg2 f4 77. Ra5+ Kd4 78. Ra3 Rc6 79.
Ra4+ Kd3 80. Ra3+ Kd2 81. Ra2+ Rc2 82. Ra4 e3 83. Kf3 e2 84. Rd4+ Kc1 85. Re4
Kd1 86. Rd4+ Rd2 87. Ra4 Rd3+ 88. Kxf4 e1=Q 89. Ra1+ Ke2 90. Rxe1+ Kxe1 91. Ke4
Rd8 92. f4 Kf2 93. f5 Kg3 94. f6 Kg4 95. Ke5 Kg5 0-1

[Event "ch-NED w 2018"]
[Site "Amsterdam NED"]
[Date "2018.07.05"]
[Round "4.1"]
[White "Haast, Anne"]
[Black "Paulet, Iozefina"]
[Result "1/2-1/2"]
[WhiteTitle "WGM"]
[BlackTitle "WGM"]
[WhiteElo "2343"]
[BlackElo "2286"]
[WhiteFideId "1017292"]
[BlackFideId "1213261"]
[EventDate "2018.07.02"]

1. e4 e6 2. d4 d5 3. Nc3 Nf6 4. Bg5 Bb4 5. e5 h6 6. Bc1 Ne4 7. Qg4 g6 8. Ne2 c5
9. a3 Bxc3+ 10. Nxc3 Nxc3 11. bxc3 Nc6 12. a4 Qa5 13. Bd2 c4 14. Be2 b5 15. O-O
bxa4 16. Ra2 Bd7 17. Rfa1 Ne7 18. Qf3 Rb8 19. Bc1 Qd8 20. Bf1 Nf5 21. g3 Kf8 22.
h4 Kg8 23. Bh3 Ng7 24. Bd2 Rb7 25. Qd1 Ne8 26. Rb1 Qb8 27. Rxb7 Qxb7 28. Qc1 Kg7
29. Qa3 Bb5 30. h5 Qd7 31. hxg6 fxg6 32. Ra1 a6 33. Kg2 Nc7 34. Rh1 Ne8 35. Bg4
Qf7 36. Be2 h5 37. Bg5 Rf8 38. f3 Qf5 39. Qc1 Kg8 40. Rh4 Qf7 41. Qa3 Ng7 42.
Bf6 Qb7 43. g4 Be8 44. Rh1 Rf7 45. Kf2 Qb8 46. Qc1 a3 47. gxh5 gxh5 48. Qxa3 Nf5
49. Bg5 Rg7 50. Qc1 h4 51. Bf6 Rg6 52. Rg1 Qb7 53. Rxg6+ Bxg6 54. Bf1 Qh7 55.
Bh3 Qh5 56. Qb1 Be8 57. Qb6 Qf7 58. Qxa6 Kh7 59. Bxf5+ exf5 60. Bxh4 Bd7 61. Qd6
Be6 62. Qd8 Qg8 63. Qe7+ Qf7 64. Qg5 Qg6 65. Qf4 Qh5 66. Qg3 Qg6 67. Bg5 Qh5 68.
Bf4 Kh8 69. Ke3 Kh7 70. Qg2 Qh4 71. Qg1 Qh5 72. Bg5 Qg6 73. Qh2+ Kg8 74. Bf6 Qh7
75. Qg1+ Kf7 76. Ke2 Ke8 77. Kd2 Qh6+ 78. Bg5 Qh3 79. Ke3 Qh5 80. Qg3 Qh1 81.
Kd2 Qh7 82. Kc1 Kd7 83. Bf6 Ke8 84. Qg5 Kd7 85. Bd8 Qf7 86. Bb6 Qe7 87. Qh6 Qf7
88. Bc5 Kc6 89. Qh8 Qg8 90. Qf6 Qe8 91. Qh4 Kd7 92. Kb2 Qb8+ 93. Bb4 Qe8 94. Qh1
Kc8 95. Qa1 Qc6 96. Qa5 Kb7 97. Bc5 Kc8 98. Kc1 Kd7 99. Bd6 Qb7 100. Kd2 Ke8
101. Ke3 Qd7 102. Kf4 Kf7 103. Qa1 Qe8 104. Qh1 Qg8 105. Qh4 Qg6 106. Be7 Kg8
107. Bg5 Qh7 108. Bh6 Qf7 109. Qd8+ Kh7 110. Bg5 1/2-1/2

[Event "ch-NED w 2018"]
[Site "Amsterdam NED"]
[Date "2018.07.05"]
[Round "4.2"]
[White "Lanchava, Tea"]
[Black "Keetman, Maaike"]
[Result "1-0"]
[WhiteTitle "IM"]
[WhiteElo "2310"]
[BlackElo "2151"]
[WhiteFideId "1005308"]
[BlackFideId "1033697"]
[EventDate "2018.07.02"]

1. c4 e5 2. Nc3 Nf6 3. g3 Bb4 4. Bg2 O-O 5. e3 Bxc3 6. bxc3 Re8 7. Ne2 c6 8. O-O
d5 9. cxd5 cxd5 10. d3 Nc6 11. a4 Bf5 12. h3 h6 13. g4 Bh7 14. Ng3 Qc7 15. f4
exf4 16. exf4 d4 17. c4 Nb4 18. Ra3 Nd7 19. Kh2 f5 20. gxf5 Rf8 21. Be4 Nc5 22.
Rg1 Kh8 23. Nh5 Rf7 24. Rg2 Re8 25. Qg1 Nxe4 26. dxe4 Rxe4 27. Rag3 Ree7 28. f6
Rd7 29. Rxg7 Rd8 30. Rxf7 Qxf7 31. Rg7 Qf8 32. Rxb7 1-0

[Event "ch-NED w 2018"]
[Site "Amsterdam NED"]
[Date "2018.07.05"]
[Round "4.3"]
[White "Ratsma, Rosa"]
[Black "Hortensius, Lisa"]
[Result "1-0"]
[WhiteTitle "WIM"]
[WhiteElo "2265"]
[BlackElo "2169"]
[WhiteFideId "1033662"]
[BlackFideId "1012339"]
[EventDate "2018.07.02"]

1. e4 c5 2. Nf3 e6 3. d4 cxd4 4. Nxd4 Nc6 5. Nc3 Qc7 6. Be3 a6 7. Qd2 Nf6 8. f4
b5 9. e5 Ng4 10. Bg1 Nxd4 11. Bxd4 Bb7 12. O-O-O h5 13. Kb1 Nh6 14. Bd3 Be7 15.
Rhg1 g6 16. g3 Nf5 17. Bf2 d5 18. exd6 Qxd6 19. Qe2 Qc7 20. Be4 Bxe4 21. Nxe4
Rg8 22. h3 Nd6 23. Nxd6+ Bxd6 24. Rd3 Rd8 25. Bd4 Be7 26. Rgd1 Qc6 27. g4 hxg4
28. hxg4 Rd5 29. Rc3 Qd7 30. Rcd3 Qc6 31. Be5 Rxd3 32. Qxd3 f6 33. Bd4 Kf7 34.
Qh3 g5 35. Qh5+ Kf8 36. fxg5 Rxg5 37. Qh8+ Kf7 38. Qh7+ Rg7 39. Qh5+ Kf8 40. Rf1
Qg2 41. Rg1 Qe4 42. Bc5 Rg5 43. Qh8+ Kf7 44. Bxe7 Kxe7 45. Rf1 Qg6 46. Qc8 Rd5
47. Qc7+ Rd7 48. Qc5+ Kf7 49. g5 f5 50. Rh1 Qh5 51. Qg1 Qg4 52. Qc1 e5 53. Rg1
Qh5 54. a4 Kg6 55. Rh1 Qg4 56. Qe1 Rd5 57. axb5 axb5 58. Rg1 Qf3 59. Rf1 Qg4 60.
Rg1 Qf3 61. Ka2 Qe4 62. Qf2 Qa4+ 63. Kb1 Qd4 64. Qh2 Kg7 65. Qh6+ Kg8 66. Qe6+
Kg7 67. Qf6+ Kg8 68. Rh1 1-0

[Event "ch-NED w 2018"]
[Site "Amsterdam NED"]
[Date "2018.07.05"]
[Round "4.4"]
[White "De Mie, Mariska"]
[Black "Peng, Zhaoqin"]
[Result "0-1"]
[WhiteTitle "WFM"]
[BlackTitle "GM"]
[WhiteElo "2193"]
[BlackElo "2352"]
[WhiteFideId "1005324"]
[BlackFideId "1004786"]
[EventDate "2018.07.02"]

1. e4 c5 2. Nf3 Nc6 3. d4 cxd4 4. Nxd4 e5 5. Nb5 d6 6. a4 Be6 7. N1c3 a6 8. Na3
Nf6 9. Bg5 Rc8 10. Nc4 Nd4 11. Ne3 Be7 12. Bxf6 Bxf6 13. Bd3 Bg5 14. Ncd5 Bxe3
15. fxe3 Nc6 16. O-O Qh4 17. a5 O-O 18. c4 Bxd5 19. exd5 Ne7 20. e4 f5 21. Qe1
Qxe1 22. Raxe1 g6 23. Rc1 fxe4 24. Bxe4 Nf5 25. b4 Nd4 26. Rfe1 Kf7 27. Bd3 Ke7
28. Rf1 Nb3 29. Rxf8 Rxf8 30. Rf1 Rxf1+ 31. Bxf1 Nc1 32. b5 Nb3 33. bxa6 bxa6
34. Kf2 Nxa5 35. Ke3 Nb3 36. Bd3 a5 37. Bc2 Nc5 38. h4 Kf6 39. g4 h6 40. Kf3 g5
41. h5 a4 42. Ke3 a3 43. Bb1 Nb3 0-1

[Event "ch-NED w 2018"]
[Site "Amsterdam NED"]
[Date "2018.07.07"]
[Round "6.1"]
[White "Haast, Anne"]
[Black "Ratsma, Rosa"]
[Result "1/2-1/2"]
[WhiteTitle "WGM"]
[BlackTitle "WIM"]
[WhiteElo "2343"]
[BlackElo "2265"]
[WhiteFideId "1017292"]
[BlackFideId "1033662"]
[EventDate "2018.07.02"]

1. e4 c5 2. Nf3 Nc6 3. d4 cxd4 4. Nxd4 g6 5. c4 Nf6 6. Nc3 d6 7. Be2 Nxd4 8.
Qxd4 Bg7 9. Be3 O-O 10. Qd2 a5 11. Rd1 Be6 12. b3 a4 13. e5 Ng4 14. Bxg4 Bxg4
15. f3 Bf5 16. Nxa4 Bxe5 17. O-O Qa5 18. Qxa5 Rxa5 19. Bb6 Ra6 20. Bd4 Bf4 21.
g3 Bh6 22. Rfe1 Bc2 23. Ra1 e5 24. Be3 Bg7 25. Rac1 Bf5 26. Nc3 Be6 27. a4 f5
28. Rcd1 Rc8 29. Nd5 Kf7 30. Nb4 Raa8 31. Rxd6 b5 32. Rxe6 Kxe6 33. axb5 Ra3 34.
Rb1 f4 35. Bf2 fxg3 36. hxg3 e4 37. b6 Be5 38. fxe4 Rf8 39. Nd3 Ra2 40. b7 Bb8
41. Nf4+ Kd7 42. Bc5 Rf7 43. b4 Kc6 44. Rd1 Kxb7 45. Bd6 Bxd6 46. Rxd6 g5 47.
Ne6 Rf3 48. e5 Rxg3+ 49. Kh1 Re3 50. Rd7+ 1/2-1/2

[Event "ch-NED w 2018"]
[Site "Amsterdam NED"]
[Date "2018.07.07"]
[Round "6.4"]
[White "De Mie, Mariska"]
[Black "Paulet, Iozefina"]
[Result "0-1"]
[WhiteTitle "WFM"]
[BlackTitle "WGM"]
[WhiteElo "2193"]
[BlackElo "2286"]
[WhiteFideId "1005324"]
[BlackFideId "1213261"]
[EventDate "2018.07.02"]

1. e4 e6 2. d4 d5 3. Nc3 Nf6 4. Bg5 Bb4 5. exd5 Qxd5 6. Bxf6 gxf6 7. Qd2 Qg5 8.
Qd3 c6 9. a3 Be7 10. Nf3 Qg7 11. Qe3 Nd7 12. O-O-O Nb6 13. g3 Bd7 14. Bh3 Nc4
15. Qf4 Qf8 16. d5 Nd6 17. dxe6 fxe6 18. Rhe1 e5 19. Bxd7+ Kxd7 20. Qa4 Kc7 21.
Qa5+ b6 22. Qa6 Qc8 23. Qa4 Re8 24. Ne4 Nb7 25. Qb3 Nd8 26. Kb1 Qe6 27. Qd3 Nf7
28. Nc3 Bc5 29. Qxh7 Bxf2 30. Re2 Bc5 31. Red2 Re7 32. Qh4 Rh8 33. Qa4 b5 34.
Qa6 Bb6 35. a4 Qg4 36. a5 Be3 37. Nd4 Bxd4 38. Rxd4 exd4 39. Qxa7+ Kc8 40. Qa8+
Kd7 41. Qa7+ Ke6 0-1

[Event "ch-NED w 2018"]
[Site "Amsterdam NED"]
[Date "2018.07.08"]
[Round "7.1"]
[White "Peng, Zhaoqin"]
[Black "Haast, Anne"]
[Result "1-0"]
[WhiteTitle "GM"]
[BlackTitle "WGM"]
[WhiteElo "2352"]
[BlackElo "2343"]
[WhiteFideId "1004786"]
[BlackFideId "1017292"]
[EventDate "2018.07.02"]

1. Nf3 a6 2. d4 b5 3. c3 Bb7 4. a4 e6 5. Bg5 Nf6 6. Nbd2 h6 7. Bxf6 Qxf6 8. e4
b4 9. Bd3 c5 10. O-O d6 11. e5 dxe5 12. dxe5 Qd8 13. Qe2 Nd7 14. Rfd1 Be7 15.
Be4 Bxe4 16. Qxe4 O-O 17. Nc4 Qc7 18. h4 Rfd8 19. Rd3 Nb6 20. Nxb6 Qxb6 21. Rad1
Qa5 22. Qb7 Kf8 23. cxb4 cxb4 24. b3 g6 25. g3 Rab8 26. Qe4 Qc7 27. h5 Rxd3 28.
Rxd3 gxh5 29. Qh7 Qc1+ 30. Kg2 Ke8 31. Rd4 Bf8 32. Rc4 1-0

[Event "ch-NED w 2018"]
[Site "Amsterdam NED"]
[Date "2018.07.08"]
[Round "7.2"]
[White "Paulet, Iozefina"]
[Black "Lanchava, Tea"]
[Result "0-1"]
[WhiteTitle "WGM"]
[BlackTitle "IM"]
[WhiteElo "2286"]
[BlackElo "2310"]
[WhiteFideId "1213261"]
[BlackFideId "1005308"]
[EventDate "2018.07.02"]

1. e4 g6 2. d4 c6 3. Nf3 Bg7 4. Nbd2 d6 5. c3 Nd7 6. a4 Qc7 7. a5 Ngf6 8. Bc4
O-O 9. O-O d5 10. Bd3 e5 11. Re1 exd4 12. Nxd4 Nc5 13. Bc2 Ncxe4 14. Nxe4 Nxe4
15. Bxe4 dxe4 16. Rxe4 c5 17. Bf4 Qd7 18. Nf3 Qf5 19. Qe2 Be6 20. c4 b5 21. Nh4
Qf6 22. Be5 Qd8 23. Bxg7 Kxg7 24. cxb5 Rb8 25. Nf3 Qd7 26. Ng5 Bf5 27. Rh4 h6
28. Nf3 Qxb5 29. Qe3 h5 30. Re1 Qxa5 31. Qe5+ f6 32. Qd5 Rfe8 33. Rxe8 Rxe8 34.
Qb7+ Kh6 35. h3 Qb6 36. Qf7 Qe6 37. Qxa7 Be4 38. Nd2 f5 39. Nxe4 fxe4 40. Rf4 e3
41. Rf7 e2 42. Rh7+ Kg5 43. Qxc5+ Kf6 44. Qc3+ Qe5 45. Qf3+ Kg5 46. g3 e1=Q+ 47.
Kg2 Qf5 48. h4+ Kf6 0-1

[Event "ch-NED w 2018"]
[Site "Amsterdam NED"]
[Date "2018.07.08"]
[Round "7.3"]
[White "Ratsma, Rosa"]
[Black "De Mie, Mariska"]
[Result "1-0"]
[WhiteTitle "WIM"]
[BlackTitle "WFM"]
[WhiteElo "2265"]
[BlackElo "2193"]
[WhiteFideId "1033662"]
[BlackFideId "1005324"]
[EventDate "2018.07.02"]

1. e4 c5 2. Nf3 e6 3. d4 cxd4 4. Nxd4 a6 5. Bd3 g6 6. O-O Bg7 7. Be3 Nf6 8. c4
d6 9. Nc3 O-O 10. Be2 Qc7 11. Rc1 b6 12. Qd2 Bb7 13. f3 Nbd7 14. Rfd1 Rad8 15.
b4 Qb8 16. Nb3 Ne8 17. a4 Rc8 18. a5 Ne5 19. Na4 bxa5 20. Nxa5 f5 21. exf5 gxf5
22. c5 d5 23. Nb6 Rc7 24. Bf4 Kh8 25. Qe3 Ng6 26. Nd7 d4 27. Qd2 Qc8 28. Nxf8
Nxf4 29. Qxf4 e5 30. Qg3 f4 31. Qg5 Bf6 32. Qh6 Bg7 1-0

[Event "ch-NED w 2018"]
[Site "Amsterdam NED"]
[Date "2018.07.08"]
[Round "7.4"]
[White "Hortensius, Lisa"]
[Black "Keetman, Maaike"]
[Result "1/2-1/2"]
[WhiteElo "2169"]
[BlackElo "2151"]
[WhiteFideId "1012339"]
[BlackFideId "1033697"]
[EventDate "2018.07.02"]

1. e4 c5 2. Nf3 Nc6 3. d4 cxd4 4. Nxd4 e5 5. Nb5 d6 6. N1c3 a6 7. Na3 b5 8. Nd5
Nce7 9. c4 Nxd5 10. Qxd5 Be6 11. Qd1 bxc4 12. Bxc4 Nf6 13. O-O Be7 14. Bg5 O-O
15. Bxf6 Bxf6 16. Qd3 Be7 17. Bd5 Ra7 18. Rfd1 Kh8 19. Nc4 Bd7 20. Ne3 Bg5 21.
Bc4 Bxe3 22. Qxe3 Qb8 23. Rxd6 Qxb2 24. Rad1 Rc7 25. Rxd7 Rxc4 26. Rxf7 Rcc8 27.
Rxf8+ Rxf8 28. Qc5 Kg8 29. Qd5+ Kh8 30. Qd2 Qb6 31. g3 h6 32. Kg2 Qc6 33. Qd5
Qc3 34. Qd3 Qc6 35. Rd2 Kh7 36. Qd5 Qc3 37. Qd3 Qc6 38. Rc2 Qa4 39. Qc4 Qa3 40.
Rc3 Qb2 41. Rf3 Rxf3 42. Kxf3 Qa3+ 43. Qb3 Qc1 44. Kg2 Qc5 45. Qd3 a5 46. f4 Qc1
47. fxe5 Qb2+ 48. Kh3 Qxa2 49. Qd7 Qf2 50. e6 Qf1+ 51. Kh4 Qf6+ 52. Kg4 h5+ 53.
Kxh5 Qg6+ 54. Kh4 Qxe4+ 55. Kh3 Qf5+ 56. Kg2 Qc2+ 57. Kf3 Qc3+ 58. Ke4 Qc4+ 59.
Ke5 Qc5+ 60. Qd5 Qc7+ 61. Qd6 Qc3+ 62. Kd5 Qd3+ 63. Kc6 Qa6+ 64. Kd7 Qb7+ 65.
Kd8 Qa8+ 66. Kd7 Qb7+ 67. Qc7 Qd5+ 68. Ke7 Qg5+ 69. Kf8 Qf6+ 70. Qf7 Qd8+ 71.
Qe8 Qf6+ 72. Qf7 Qd8+ 1/2-1/2